| 000 | 00564nam a2200205Ia 4500 | ||
|---|---|---|---|
| 003 | OSt | ||
| 005 | 20250820142839.0 | ||
| 008 | 210210b1972 xxu||||| |||| 00| 0 eng d | ||
| 040 | _cAL | ||
| 041 | _aEnglish | ||
| 082 | _a809.88914 NAYK | ||
| 100 |
_aNAYAKA (Ha Ma) Ed. _9236652 |
||
| 245 | _aKannada writers and their work 2: D V Gungappa | ||
| 260 |
_aMysore _bInstitute of Kannada Studies, University of Mysore., _c1972 |
||
| 300 | _a84 | ||
| 650 |
_aGundappa _9236653 |
||
| 690 |
_aIndian Literary Criticism _9236654 |
||
| 906 | _a032792 | ||
| 942 |
_2ddc _cBK |
||
| 999 |
_c83834 _d83834 |
||